| 000 | 00655nam a2200217Ia 4500 | ||
|---|---|---|---|
| 003 | GCL | ||
| 008 | 140319s9999 xx 000 0 ara d | ||
| 040 |
_aGCL / _cGCL |
||
| 082 | 0 | 4 |
_a823 _bك ح |
| 100 | 1 | _aكالدويل، ارسكين | |
| 245 | 1 | 0 |
_aحب ومال / _cكالدويل، ارسكين |
| 700 | 1 | _aلويس جريس | |
| 300 | _a218 ص | ||
| 490 |
_aكتاب _v0 |
||
| 650 | 0 | 4 | _aالادب |
| 650 | 0 | 4 | _aالادب الامريكى |
| 650 | 0 | 4 | _aالادب الامريكى المترجم |
| 650 | 0 | 4 | _aالادب الامريكى - تاريخ ونقد |
| 650 | 0 | 4 | _aالقصص العالمية المترجمة |
| 942 |
_2ddc _cBK |
||
| 999 |
_c40914 _d40914 |
||